000 00747nam a2200265Ia 4500
003 OSt
005 20221006142430.0
006 a|||||r|||| 00| 0
007 ta
008 221006b |||||||| |||| 00| 0 eng d
020 _c
_12.50
024 _a6,359
037 _cTextual
040 _aEASL
_cEASL
_beng
041 _2eng
_aeng
082 _aY.41.C, L1
100 _aFEHL Noah Edward
_9647726
245 0 _aRites and properiety in literature and life
_b A perspective for a cultural history of ancient China
260 _aHohg
_bKong Chinese University of Hong Kong
_c1971
300 _a261p.
_ccm.
490 _v CEL
650 _aCEL
942 _hY.41.C, L1
_cTEXL
_2CC
999 _c1074445
_d1074445